[Event "Leiden op-B 12th"]
[Site "Leiden"]
[Date "2018.07.15"]
[Round "3"]
[White "Scherpenisse, Kees"]
[Black "Van der Knaap, Jan"]
[Result "1/2-1/2"]
[WhiteElo "1915"]
[BlackElo "1829"]
[PlyCount "27"]
[EventDate "2018.07.13"]
[EventType "swiss"]
[EventRounds "9"]
[EventCountry "NED"]
[SourceTitle "EXT 2019"]
[Source "ChessBase"]
[SourceDate "2018.10.10"]
[SourceVersion "1"]
[SourceVersionDate "2018.10.10"]
[SourceQuality "1"]

1. d4 d6 2. Nf3 g6 3. c4 Bg7 4. Nc3 Bg4 5. e3 c5 6. Be2 cxd4 7. exd4 Nh6 8. h3 Bxf3 9. Bxf3 Nc6 10. Bxc6+ bxc6 11. 0-0 0-0 12. Bxh6 Bxh6 13. Qc2 Rb8 14. b3 1/2-1/2

[Event "Leiden op-B 12th"]
[Site "Leiden"]
[Date "2018.07.13"]
[Round "1"]
[White "Scherpenisse, Kees"]
[Black "Weerts, Rene"]
[Result "1-0"]
[WhiteElo "1915"]
[BlackElo "1734"]
[PlyCount "107"]
[EventDate "2018.07.13"]
[EventType "swiss"]
[EventRounds "9"]
[EventCountry "NED"]
[SourceTitle "EXT 2019"]
[Source "ChessBase"]
[SourceDate "2018.10.10"]
[SourceVersion "1"]
[SourceVersionDate "2018.10.10"]
[SourceQuality "1"]

1. d4 g6 2. e4 Bg7 3. Nf3 c6 4. Nc3 Nf6 5. Be2 d5 6. e5 Ne4 7. Nxe4 dxe4 8. Ng5 0-0 9. Nxe4 Bf5 10. Ng3 Be6 11. 0-0 Nd7 12. Be3 Qc7 13. c4 Rad8 14. Qc2 f6 15. exf6 Nxf6 16. Rad1 Ng4 17. Bxg4 Bxg4 18. Rd2 b6 19. Re1 e5 20. dxe5 Qxe5 21. b3 Qa5 22. Kf1 Rde8 23. h3 Rxe3 24. Rxe3 Bh6 25. Red3 Bxd2 26. Qxd2 Qxd2 27. Rxd2 Bc8 28. Rd6 Bb7 29. Ne4 Rf7 30. Rd8+ Kg7 31. Nd6 Re7 32. Nxb7 Rxb7 33. Rd6 c5 34. f3 Re7 35. Kf2 Rb7 36. a4 Kf7 37. f4 Ke7 38. Rd5 Ke6 39. g4 h6 40. Ke3 Kf6 41. Rd6+ Kf7 42. f5 Re7+ 43. Kf4 g5+ 44. Kf3 Re1 45. Rxh6 Rb1 46. Rh7+ Kf6 47. Rxa7 Rxb3+ 48. Ke4 Rxh3 49. Ra6 Rb3 50. a5 Rc3 51. Rxb6+ Kf7 52. Ke5 Rxc4 53. Rb7+ Ke8 54. a6 1-0

[Event "Leiden SB-chA"]
[Site "Leiden"]
[Date "2014.06.17"]
[Round "6"]
[White "Sikkel, Dirk"]
[Black "Scherpenisse, Kees"]
[Result "1/2-1/2"]
[WhiteElo "1938"]
[BlackElo "1901"]
[PlyCount "34"]
[EventDate "2014.05.13"]
[EventType "swiss"]
[EventRounds "7"]
[EventCountry "NED"]
[SourceTitle "EXT 2015"]
[Source "ChessBase"]
[SourceDate "2014.11.20"]
[SourceVersion "1"]
[SourceVersionDate "2014.11.20"]
[SourceQuality "1"]

1. e4 c5 2. Nf3 Nc6 3. Bb5 Nf6 4. e5 Nd5 5. 0-0 e6 6. c3 a6 7. Bxc6 dxc6 8. d4 cxd4 9. Bg5 Be7 10. Bxe7 Qxe7 11. cxd4 0-0 12. Nbd2 c5 13. dxc5 Qxc5 14. Ne4 Qb4 15. Qd4 Bd7 16. Qxb4 Nxb4 17. Nd4 Bc6 1/2-1/2

[Event "Leiden SB-chA"]
[Site "Leiden"]
[Date "2014.05.13"]
[Round "1"]
[White "Scherpenisse, Kees"]
[Black "Straver, Robert"]
[Result "0-1"]
[WhiteElo "1901"]
[BlackElo "2136"]
[PlyCount "32"]
[EventDate "2014.05.13"]
[EventType "swiss"]
[EventRounds "7"]
[EventCountry "NED"]
[SourceTitle "EXT 2015"]
[Source "ChessBase"]
[SourceDate "2014.11.20"]
[SourceVersion "1"]
[SourceVersionDate "2014.11.20"]
[SourceQuality "1"]

1. d4 f5 2. Qd3 d5 3. g4 fxg4 4. h3 Nf6 5. hxg4 Bxg4 6. Bh3 Qd7 7. Bxg4 Qxg4 8. Nf3 Nc6 9. c3 0-0-0 10. Nbd2 e6 11. b4 Ne4 12. Rh4 Qf5 13. Nxe4 dxe4 14. Qxe4 Be7 15. Rf4 Qh3 16. Ng1 Qxc3+ 0-1

[Event "Leiden LCT op-A 7th"]
[Site "Leiden"]
[Date "2013.07.13"]
[Round "2"]
[White "Scherpenisse, Kees"]
[Black "Partenheimer, Axel"]
[Result "1/2-1/2"]
[WhiteElo "1954"]
[BlackElo "2157"]
[PlyCount "41"]
[EventDate "2013.07.12"]
[EventType "swiss"]
[EventRounds "9"]
[EventCountry "NED"]
[SourceTitle "CBM 155 Extra"]
[Source "ChessBase"]
[SourceDate "2013.08.26"]
[SourceVersion "1"]
[SourceVersionDate "2013.08.26"]
[SourceQuality "1"]

1. d4 d5 2. c4 c6 3. b3 g6 4. Bb2 Bg7 5. Nf3 dxc4 6. bxc4 c5 7. e3 Nc6 8. Be2 Nh6 9. 0-0 Qb6 10. Bc3 cxd4 11. Nxd4 0-0 12. Nxc6 Qxc6 13. Bxg7 Kxg7 14. Qd4+ Qf6 15. Qxf6+ Kxf6 16. Nc3 e6 17. Rfd1 Ke7 18. Bf3 Rb8 19. Rab1 Rd8 20. Rxd8 Kxd8 21. c5 1/2-1/2

[Event "Leiden LCT op-A 6th"]
[Site "Leiden"]
[Date "2012.07.14"]
[Round "7"]
[White "Rabus, Berthold"]
[Black "Scherpenisse, Kees"]
[Result "0-1"]
[WhiteElo "2220"]
[BlackElo "1965"]
[PlyCount "44"]
[EventDate "2012.07.06"]
[EventType "swiss"]
[EventRounds "9"]
[EventCountry "NED"]
[SourceTitle "CBM 149 Extra"]
[Source "ChessBase"]
[SourceDate "2012.08.24"]
[SourceVersion "1"]
[SourceVersionDate "2012.08.24"]
[SourceQuality "1"]

1. d4 f5 2. Nf3 Nf6 3. g3 g6 4. Bg2 Bg7 5. c4 d6 6. Nc3 0-0 7. 0-0 e6 8. b3 Ne4 9. Bb2 Nc6 10. a3 a5 11. Rc1 Nxc3 12. Bxc3 e5 13. dxe5 dxe5 14. Qd5+ Kh8 15. Rfd1 Qe7 16. Bb2 Rd8 17. Qb5 Bd7 18. Qxb7 Ra7 19. Rxd7 Qxd7 20. Nxe5 Qd1+ 21. Rxd1 Rxd1+ 22. Bf1 Rxb7 0-1

[Event "Leiden LCT op 2nd"]
[Site "Leiden"]
[Date "2008.07.15"]
[Round "5"]
[White "Flohr, Marco"]
[Black "Scherpenisse, Kees"]
[Result "1-0"]
[WhiteElo "2198"]
[BlackElo "1989"]
[PlyCount "95"]
[EventDate "2008.07.11"]
[EventType "swiss"]
[EventRounds "9"]
[EventCountry "NED"]
[SourceTitle "CBM 125 Extra"]
[Source "ChessBase"]
[SourceDate "2008.09.01"]
[SourceVersion "1"]
[SourceVersionDate "2008.09.01"]
[SourceQuality "1"]

1. d4 f5 2. e3 Nf6 3. b3 g6 4. Bb2 Bg7 5. c4 d6 6. Nf3 0-0 7. Be2 Qe8 8. Nc3 Bd7 9. 0-0 Na6 10. Rc1 Kh8 11. Re1 e5 12. dxe5 dxe5 13. Nd5 Ne4 14. c5 c6 15. Bxa6 cxd5 16. Bxb7 Bc6 17. Bxa8 Bxa8 18. b4 Bc6 19. Ra1 g5 20. a4 a6 21. b5 axb5 22. axb5 Bxb5 23. Qxd5 Bc6 24. Qd1 g4 25. Nxe5 Bxe5 26. Bxe5+ Qxe5 27. Qd4 Re8 28. Ra6 Bd5 29. Rb6 Qxd4 30. exd4 Ra8 31. c6 Rc8 32. Rc1 Rc7 33. Rb8+ Bg8 34. Rb7 Rc8 35. c7 Be6 36. Rb8 Kg7 37. Rxc8 Bxc8 38. Re1 Kf7 39. f3 gxf3 40. gxf3 Nd6 41. Re5 Bb7 42. Kf2 f4 43. Rh5 Kg6 44. Rh4 Nb5 45. Rg4+ Kf5 46. Rg7 h5 47. h4 Nd6 48. Rg5+ 1-0